LIBRARY & INFORMATION CENTRE, KCAET, TAVANUR

ONLINE PUBLIC ACCESS CATALOGUE (OPAC)

Survey of Indian agro-bio-economic and allied literature, 1947-1975: A bibliography vol-2 / (Record no. 10202)

MARC details
000 -LEADER
fixed length control field 00489cam a2200169ua 4500
041 ## - LANGUAGE CODE
Language code of text/sound track or separate title eng
082 ## - DEWEY DECIMAL CLASSIFICATION NUMBER
Classification number 028.74631
Item number JAI/SU
100 ## - MAIN ENTRY--AUTHOR NAME
Personal name Jain, T C .
245 ## - TITLE STATEMENT
Title Survey of Indian agro-bio-economic and allied literature, 1947-1975: A bibliography vol-2 /
260 ## - PUBLICATION, DISTRIBUTION, ETC. (IMPRINT)
Place of publication New Delhi :
Name of publisher Agricole Publishing Academy ,
Year of publication 1978.
300 ## - PHYSICAL DESCRIPTION
Number of Pages 96 ; .
942 ## - ADDED ENTRY ELEMENTS (KOHA)
Koha item type Books
Holdings
Withdrawn status Lost status Damaged status Home library Current library Date acquired Full call number Accession Number Koha item type
      KAUAET KAUAET 07/04/2012 028.74631 17875 Reference
free website counter